Cuatro mitos sobre las pandillas (II)
Gardado en:
| Formato: | Texto |
|---|---|
| Materias: | |
| Etiquetas: |
Engadir etiqueta
Sen Etiquetas, Sexa o primeiro en etiquetar este rexistro!
|
MARC
| LEADER | 00000 a a2200000 04500 | ||
|---|---|---|---|
| 001 | 6682 | ||
| 003 | |||
| 040 | |||
| 245 | |a Cuatro mitos sobre las pandillas (II) | ||
| 500 | |a Parte I en NA 19284.01 | ||
| 650 | |a DELINCUENCIA JUVENIL | ||
| 650 | |a JUVENTUD | ||
| 650 | |a DESIGUALDAD SOCIAL | ||
| 650 | |a VIOLENCIA | ||
| 650 | |a LEGISLACION | ||
| 650 | |a DERECHOS HUMANOS | ||
| 773 | |g volumen 24, número 1061; páginas 11-13 | ||
| 999 | |c 34037 |d 34037 | ||
